Statistiques concernant Noël par lettre - O

Cliquez ici pour prendre le quiz!

Statistiques générales

  • Ce quiz a été pris 165 fois
  • Le résultat moyen est 8 sur 10

Statistiques - réponses

IndiceRéponse% Correct
Présent des mages, avec l'encens et la myrrheOr
99%
Animal utilisé dans la préparation du foie gras,
généralement consommé pendant les fêtes
Oie
97%
Fruit autrefois offert aux enfants sagesOrange
97%
Complétez ce dicton: "Plaisir d'___, joie de
recevoir."
Offrir
95%
Ville scandinave offrant chaque année un
sapin à la ville de Londres
Oslo
87%
Bonhomme de neige créé par Elsa et
compagnon d'Anna dans La Reine des neiges
Olaf
86%
Ce qu'on fait aux cadeaux le jour de NoëlOuvrir
83%
Ce qu'est le Père Noël selon le SplendidOrdure
71%
Animal donnant son nom au Mont sur lequel
Picsou a rencontré ses neveux le jour de Noël
Ours
40%
Principal antagoniste dans L'Etrange Noël de
monsieur Jack
Oogie Boogie
15%

Distribution des résultats

Percentile par nombre de réponses

% des personnes avec chaque résultat

Votre développement - résultats

Vous n’avez pas pris ce quiz